000
00217 a2200097 4500
001
13552
100
_a
Kirk G.E
245
_a
A short history of the middle east
260
_a
London
_b
Methuen
_c
090
_c
10555
_d
10555
942
_a
NUST-CAE
_c
M
_c
620
999
_c
248625
_d
248625